000 00309nam a22001337a 4500
008 170329b xxu||||| |||| 00| 0 eng d
020 _a0721683460
041 _aeng
080 _a616-053.2
100 _a8
101 _aSHM
245 _aPEDIATRIC AND ADOLESCENT GYNECOLOGY
_cSANFILIPPO.J.S
942 _2udc
_cBK
999 _c9045
_d9045